00489nam a2200157Ia 4500100001600000942000700016366000900023654001500032245002500047260002000072082002100092300000800113546001200121999001700133952018100150 aADAIR/JOHN  cBK f17.5 amotivation aEffective Motivation bPan Booksc1996 a658.314/ADAbADA a244 aENGLISH c25178d25178 001040708CRCaCRCEbCRCEd2023-03-17eEducational books and periodicalsg185.63i191 dt 11/02/2009l1o658.314/ADA ADAp19363r2024-05-22s2024-01-31v225.00w0000-00-00yBK